| 000 | 00366 a2200169 4500 | ||
|---|---|---|---|
| 001 | 22788 | ||
| 020 | _a9788508098002 | ||
| 040 | _cAnchieta - São Paulo/Itaigara | ||
| 100 | _aLinhares, Sérgio | ||
| 240 | 1 | 0 |
_aBiologia _lpor |
| 245 | 1 | 0 | _aBiologia |
| 300 | _a552 | ||
| 362 | 0 | _a2008 | |
| 440 | 1 | _aÁtica | |
| 650 | 4 | _aCiência da vida - Biologia | |
| 942 | _cBK | ||
| 999 |
_c22788 _d22788 |
||